000 01067cam a2200265 i 4500
001 46571
003 BD-RjUL
005 20211209054155.0
008 160803s1973 ii b 001 0 eng
035 _a(BD-RjUL)46690
040 _aDLC
_cDLC
_dDLC
_beng
041 _aeng
082 0 0 _a345.54025
_bGOL 1973
100 1 _aGour, Hari Singh,
_d1869-1949.
_9142061
245 1 0 _aLaw of hurt & homicide, along with causing of miscarriage, injuries to unborn children, of the exposure of infants, etc., and Medical termination of pregnancy act, 1971 /
_cby Sir Hari Singh Gour ; revised by M. C. Desai ... [et al.].
260 _aAllahabad :
_bDelhi Law House,
_c1973
300 _axiv, 743 p. ;
_c24 cm.
504 _aIncludes bibliographical references and index.
650 0 _aHomicide
_zIndia.
_9141056
650 0 _aAssault and battery
_zIndia.
_9141057
700 1 _aDesai, M. C.
_9142062
710 1 2 _aIndia (Republic).
_kLaws, statutes, etc.
_tMedical termination of pregnancy act, 1971. 1974.
_9142063
942 _2ddc
_cBK
999 _c46571
_d46571